000 004260000a22001810004500
003 MACL
005 20150915122705.0
008 150915b xxu||||| |||| 00| 0 eng d
040 _aMACL
_cMACL
041 _aEnglish
082 _a823/MIT
100 _aNaveen
_911018
245 _aBed Of Thorns
260 _bPratyusha Publications
_c2004
_aHyderabad
350 _a200
650 _aLiterature
_911019
942 _cBK
_k823
_2ddc
999 _c1549
_d1549